000 00632nam a2200205 a 4500
005 20210223120732.0
008 991125s1990 mx 000 0 spa u
020 _a9684199554
035 _aUPN01000006390
049 _aCG
050 4 _aQ125
_bF3.38
100 1 _aFancello, Omiti
245 1 3 _aEl camino de la ciencia /
_cOmiti Fancello ; tr. Guillermina Cuevas.
260 _aMéxico :
_bCNCA,
_c1990
300 _a2 v. :
_bil.
440 4 _aLos noventa ;
_v17-18
505 8 _aContenido:
_gv.1.
_tDe la estrella a la vida --
_gv.2.
_tDe la molécula al hombre
650 4 _aCIENCIA -
_xFILOSOFIA -
_xHISTORIA
_95803
905 _aLibro
999 _c6390
_d6390